„Veľká novela" prinesie zásadné zmeny v práve priemyselného vlastníctva

Legislatívna rada vlády SR zvýšila kvalitu nasledovných predložených návrhov patentového zákona: zavedenie splatnosti odmeny v zamestnaneckom režime, zavedenie záložného práva k prihláške, „zápis licencie", zavedenie licencie na prihlášku, zjednodušenie právnej úpravy neodkladných opatrení, spresnen...

Ausführliche Beschreibung

Gespeichert in:
Bibliographische Detailangaben
1. Verfasser: Klinka, Tomáš
Format: Buchkapitel
Sprache:Slowakisch
Schlagworte:
Tags: Tag hinzufügen
Keine Tags, Fügen Sie das erste Tag hinzu!

MARC

LEADER 00000naa a2200000 4500
001 0234881
005 20220805073544.0
041 0 |a slo 
044 |a SK 
245 1 0 |a „Veľká novela" prinesie zásadné zmeny v práve priemyselného vlastníctva  |c Tomáš Klinka 
520 |a Legislatívna rada vlády SR zvýšila kvalitu nasledovných predložených návrhov patentového zákona: zavedenie splatnosti odmeny v zamestnaneckom režime, zavedenie záložného práva k prihláške, „zápis licencie", zavedenie licencie na prihlášku, zjednodušenie právnej úpravy neodkladných opatrení, spresnenie exekúcie postihnutím práv z prihlášky a precíznejšie splnomocňovacie a prechodné ustanovenia. 
610 2 0 |a vlastníctvo priemyselné 
610 2 0 |a legislatíva 
610 2 0 |a patenty 
610 2 0 |a vynálezy 
610 2 0 |a licencie patentové 
610 2 0 |a Slovensko 
610 2 0 |a novelizácia 
100 1 |a Klinka, Tomáš